| 000 | 00467 a2200133 4500 | ||
|---|---|---|---|
| 001 | ART_30617 | ||
| 005 | 20260410162003.0 | ||
| 008 | 260409a | ||
| 245 | 1 | 0 | _aConversión de monedas y otras implicancias derivadas del cambio de moneda |
| 100 | 1 | _aFronti de García, Luisa | |
| 700 | 1 | _aGarcía Casella, Carlos Luis | |
| 700 | 1 | _aRodríguez de Ramírez, María del Carmen | |
| 773 | 0 |
_tForo económico _g- Año III, Nº 4 (mayo 1997) _wREV30369 |
|
| 999 |
_c31421 _d31421 |
||